000 01044nam a22002417a 4500
003 OSt
005 20260513130331.0
008 260513b |||||||| |||| 00| 0 eng d
020 _a9781910904053
040 _aKenya National Library Service
082 _a977.3 MAG
100 _aMaguire, Kathleen
_eauthor
245 _aChicago then and now /
_cKathleen Maguire with Elizabeth McNulty
300 _a144 pages :
_bcolour illustration ;
_c25 x 29 cm.
504 _aIncludes index
520 _a"This book pairs archival photos with modern views to tell the story of the city's rich history. It is a story of determination and pride, and the evocative photos on these pages reflect the many faces of Chicago's heritage.
650 _aChicago (Ill.)
_v History
_x Pictorial works
650 _aChicago (Ill.)
_vBuildings, structures, etc
_xPictorial works
700 _aMcNulty, Elizabeth
_eauthor
942 _2ddc
_cBK
_n0
999 _c492747
_d492747